| 000 | 00843cam a2200289 4500 | ||
|---|---|---|---|
| 001 | ABS64039 | ||
| 008 | 000000n2001 000 0 eng u | ||
| 035 | _a(Sirsi) u112801 | ||
| 100 | _aSeidl, A | ||
| 245 | 4 | _aThe wonder year | |
| 260 | _c2001 | ||
| 490 |
_aEstates Gazette _v(0120) 19 May 2001, 55-62(8) |
||
| 520 | _aLeague table of the top 100 commercial surveying firms, ranked by UK and European turnover, investment deals, agency work and fee-earners. | ||
| 590 | _aABS | ||
| 650 | _aLEAGUE TABLES | ||
| 650 | _aEUROPE | ||
| 650 | _aPROFITABILITY | ||
| 650 | _aFEE EARNERS | ||
| 650 | _aINVESTMENT | ||
| 650 | _aCOMMERCIAL AGENCY | ||
| 650 | _aRANKINGS | ||
| 650 | _aSURVEYING FIRMS | ||
| 650 | _aSURVEYORS | ||
| 650 | _aTURNOVER | ||
| 690 | _aMANAGEMENT-BUSINESS MANAGEMENT-PROFESSIONAL PRACTICE | ||
| 942 | _n0 | ||
| 999 |
_c67151 _d67151 |
||